000 00937cam a2200277 a 4500
001 16485452
003 ARRUPE
005 20140311020011.0
008 101001s2011 ctu b 001 0 eng
010 _a 2010041471
020 _a9780300169430 (hardcover : alk. paper)
040 _aDLC
_cDLC
_dDLC
050 0 0 _aHX39.5
_b.E234 2011
082 0 0 _a335.4
_222
100 1 _aEagleton, Terry,
_d1943-
_98942
245 1 0 _aWhy Marx was right /
_cTerry Eagleton.
260 _aNew Haven :
_bYale University Press,
_c2011.
300 _axii, 258 p. ;
_c23 cm.
504 _aIncludes bibliographical references and index.
600 1 0 _aMarx, Karl,
_d1818-1883.
_98943
650 0 _aCommunism.
_98944
650 0 _aCapitalism.
_93
906 _a0
_bvip
_corignew
_d1
_eecip
_f20
_gy-gencatlg
942 _2lcc
_cMONOGRAPH
_01
999 _c120165
_d120165